|
|
|
|
| LEADER |
01079nam a2200289 a 4500 |
| 001 |
5834 |
| 003 |
BD-DhAAL |
| 005 |
20150617115204.0 |
| 008 |
150617s1997 nyua b 001 0 eng d |
| 010 |
|
|
|a 97074755
|
| 020 |
|
|
|a 0375401571 :
|c $30.00 ($39.95 Can.)
|
| 040 |
|
|
|a TM
|c TM
|d TCollSM
|d DLC
|d BD-DhAAL
|
| 050 |
0 |
0 |
|a HD53
|b .P48 1997
|
| 082 |
0 |
0 |
|a 658.4/06
|2 21
|
| 100 |
1 |
|
|a Peters, Thomas J.
|9 9122
|
| 245 |
1 |
4 |
|a The circle of innovation :
|b you can't shrink your way to greatness /
|c by Tom Peters.
|
| 246 |
3 |
0 |
|a You can't shrink your way to greatness
|
| 250 |
|
|
|a 1st ed.
|
| 260 |
|
|
|a New York :
|b Knopf,
|c 1997.
|
| 300 |
|
|
|a xxi, 518 p. :
|b ill. ;
|c 24 cm.
|
| 504 |
|
|
|a Includes bibliographical references (p. 500-509) and index.
|
| 541 |
|
|
|e 5834
|
| 650 |
|
0 |
|a Creative ability in business.
|9 12240
|
| 650 |
|
0 |
|a Organizational change
|x Management.
|9 8922
|
| 942 |
|
|
|2 ddc
|c BK
|
| 999 |
|
|
|c 34771
|d 34771
|
| 952 |
|
|
|0 0
|1 0
|2 ddc
|4 0
|6 658_400000000000000_06_PET
|7 0
|9 54384
|a SCL
|b SCL
|c GEN
|d 2015-06-17
|g 695.00
|l 8
|m 28
|o 658.406 PET
|p 3020005834
|r 2025-07-11
|s 2025-07-05
|t 1
|w 2015-06-17
|y BK
|